Loreto College Library, Kolkata
WEBOPAC (ONLINE PUBLIC ACCESS CATALOGUE)

Matrix and linear algebra (Record no. 38743)

MARC details
000 -LEADER
fixed length control field 00579nam a2200217Ia 4500
005 - DATE AND TIME OF LATEST TRANSACTION
control field 20240327093252.0
008 - FIXED-LENGTH DATA ELEMENTS--GENERAL INFORMATION
fixed length control field 131103s9999 xx 000 0 und d
020 ## - ISBN | অাই এস বি এন
ISBN | অাই এস বি এন 9.79E+12
PRICE Rs.375.00
040 ## - CATALOGING SOURCE
Original cataloging agency Loreto College
041 ## - LANGUAGE CODE
Language code English
082 ## - DDC | ডিউই
Classification number | বর্গসংখ্যা 512.5
Book Number | গ্রন্থাঙ্ক DAT
100 ## - MAIN ENTRY--PERSONAL NAME | মুখ্য সংলেখ - ব্যাক্তিনাম
Personal name | ব্যাক্তিনাম Datta,Kanti Bhushan
245 ## - TITLE STATEMENT | অাখ্যা বিবরণী
Title | অাখ্যা Matrix and linear algebra
Sub title | উপঅাখ্যা Aided with MATLAB
Statement of responsibility | লেখকের দায়িত্বের বিবরণ Kanti Bhushan Datta
250 ## - EDITION STATEMENT | সংস্করণ ক্ষেত্র
Edition statement | সংস্করণ 2nd ed.(rev.)
260 ## - IMPRINT | প্রকাশনা ক্ষেত্র
Place of publication | প্রকাশ স্থান New Delhi
Name of publisher | প্রকাশকের নাম PHI Learning
Date of publication | প্রকাশ কাল 2012
300 ## - PHYSICAL DESCRIPTION |
Page / Vol. No | পৃষ্ঠা / খন্ড সংখ্যা xv,655p
504 ## - BIBLIOGRAPHY, ETC. NOTE
Bibliography, etc Includes index
650 ## - SUBJECT ADDED ENTRY--TOPICAL TERM | বিষয় শিরোনাম - মূল বিষয়
Topical term | মূল বিষয় Linear algebra
850 ## - HOLDING INSTITUTION
Holding institution LCLIB
942 ## - ADDED ENTRY ELEMENTS (KOHA)
Koha item type Books
Holdings
Withdrawn status Lost status Source of classification Damaged status Not for loan Home library Current library Date acquired Total Checkouts Full call number Accession No. Date last seen Date checked out Price effective from Koha item type Coded location qualifier
    Dewey Decimal Classification     Loreto College Loreto College 04/11/2013 1 512.5 DAT 50156 B42273 05/08/2019 05/08/2019 04/11/2013 Books  
    Dewey Decimal Classification     Loreto College Loreto College 04/11/2013   512.5 DAT 50157 B42274 04/11/2013   04/11/2013 Books